00617nam a2200181 a 4500001001000000003000400010005001700014008004100031020001800072040002500090082000900115100002900124245008300153260009000236300002700326586005400353700002800407000030618OSt20201216104100.0110525s2011 dr a 000 j spa d a9789945868869 aDO-SdBNPbspacBNPHU bC8221 aCoronaro, Carmen Dinorah10aCuentos encantados /cCarmen Dinorah Coronaro ; ilustraciones Julio Granados. aSan Felipe de Puerto Plata, República Dominicana : bEdiciones Renovación,c2011. a99 p. :bil. ;c20 cm. aPremio de Literatura Infantil Delia Quesada, 2010 aGranados, Julio, eil.